00460nam a2200157 a 450000100100000000500170001000800410002704000250006808200170009310000260011024500850013626000340022130000210025504900090027699900170028500002415020200930022747.0110119s1973 fr r 000 0 spa d aDO-SdBNPbspacBNPHU axxxxxbM258b1 aMalouf, Albert94958513aLa baie james indienne :btexte intégral du jugement du juge /cAlbert Malouf. aMontréal :bDu Jour,c1973. a211 p. ;c20 cm. aBNGR c23644d23644